Regional economic outlook Middle East and central Asia

Uložené v:
Podrobná bibliografia
Médium: Kniha
Jazyk:English
Vydavateľské údaje: Washington, D.C. International Monetary Fund 2011
Edícia:World economic and financial surveys
Predmet:
Tagy: Pridať tag
Žiadne tagy, Buďte prvý, kto otaguje tento záznam!

MARC

LEADER 00000nam a2200000 4500
001 0134751
005 20240315115635.2
020 |a 978-1-61635-064-2 
041 0 |a eng 
044 |a US 
245 1 0 |a Regional economic outlook  |b Middle East and central Asia 
264 1 |a Washington, D.C.  |b International Monetary Fund  |c 2011 
300 |a 95 s. 
490 1 |a World economic and financial surveys 
830 0 |a World economic and financial surveys 
610 2 0 |a situácia hospodárska 
610 2 0 |a predvídanie 
610 2 0 |a rozvoj hospodársky 
610 2 0 |a oleje minerálne 
610 2 0 |a údaje štatistické 
610 2 0 |a Blízky východ 
610 2 0 |a Ázia